Skyrim - alfabet języka smoczego - Statystyki

Ogólne statystyki
  • Ten quiz został rozwiązany 52 razy
  • Średni wynik to 25 z 37
Odpowiedzi na mapie
Odpowiedzi zakodowano w zielono-czerwonej skali na mapie do tego quizu, zgodnie z poniższymi procentami.
 
Statystyki odpowiedzi
Numer litera % Poprawnych
1 a
100%
4 b
100%
6 e
100%
9 f
100%
10 g
100%
12 i
100%
16 k
100%
20 o
100%
24 r
100%
27 u
100%
5 d
98%
11 h
98%
15 j
98%
17 l
98%
18 m
96%
19 n
96%
22 p
96%
25 s
96%
31 w
96%
32 x
96%
33 y
96%
26 t
93%
34 z
93%
30 v
91%
23 q
80%
2 aa
22%
21 oo
20%
29 uu
18%
13 ii
16%
1-1 zu
13%
3 ah
11%
8 ey
11%
14 ir
9%
28 ur
7%
7 ei
4%
2-1 ask
0%
3-1 dovah
0%
Nie znaleziono quizów pasujących do podanych kryteriów
Rozkład punktacji
Procent ludzi z każdym wynikiem
Percentyl według liczby udzielonych odpowiedzi
Twoja historia wyników
Nie rozwiązałeś tego quizu